Ekonomická efektívnosť alternatívnych zdrojov energie a ich využitie v podniku diplomová práca

Gespeichert in:
Bibliographische Detailangaben
1. Verfasser: Zapotocký, Miroslav
Körperschaft: Podnikovohospodárska fakulta EU so sídlom v Košiciach. Katedra obchodného podnikania
Weitere Verfasser: Bednárová, Lucia
Format: Buch
Sprache:Slowakisch
Veröffentlicht: Košice 2015
Tags: Tag hinzufügen
Keine Tags, Fügen Sie das erste Tag hinzu!

MARC

LEADER 00000nbm a2200000 4500
001 0202193
005 20161212094416.1
041 0 |a slo 
044 |a SK 
245 1 0 |a Ekonomická efektívnosť alternatívnych zdrojov energie a ich využitie v podniku  |b diplomová práca  |c Miroslav Zapotocký ; školiteľ: Lucia Bednárová 
264 1 |a Košice  |c 2015 
300 |a 61 s. 
100 1 |a Zapotocký, Miroslav 
700 1 |a Bednárová, Lucia 
710 2 |a Podnikovohospodárska fakulta EU so sídlom v Košiciach. Katedra obchodného podnikania